| 000 | 00865cam a22002531 4500 | ||
|---|---|---|---|
| 001 | g 01000216 | ||
| 003 | DLC | ||
| 005 | 20260227111250.0 | ||
| 008 | 830624m18661924gw 000 0 gers | ||
| 010 | _ag 01000216 | ||
| 035 | _a(OCoLC)9642862 | ||
| 040 |
_aDLC _cICarbS _dDLC |
||
| 042 | _apremarc | ||
| 050 | 0 | 0 |
_aPT2396 _b.A1 1886 |
| 100 | 1 |
_aLessing, Gotthold Ephraim, _d1729-1781. |
|
| 245 | 1 | 0 |
_aGotthold Ephraim Lessings sämtliche schriften. _cHrsg. von Karl Lachmann. |
| 250 | _a3., auf's neue durchgesehene und verm. Aufl. besorgt durch Franz Muncker ... | ||
| 260 |
_aStuttgart, _bG. J. Göschen, _c1866-1924. |
||
| 300 |
_a23 v. in 24. _c23 cm. |
||
| 700 | 1 |
_aLachmann, Karl, _d1793-1851, _eed. |
|
| 700 | 1 |
_aMuncker, Franz, _d1855-1926, _eed. |
|
| 700 | 1 |
_aPlaurus, Titus Maccius. _cCaptivi. German. |
|
| 700 | 1 |
_aSculetus, Andreas, _d17th century. |
|
| 999 |
_c23418 _d23418 |
||